<?xml version="1.0" encoding="UTF-8"?>
<record
    xmlns:xsi="http://www.w3.org/2001/XMLSchema-instance"
    xsi:schemaLocation="http://www.loc.gov/MARC21/slim http://www.loc.gov/standards/marcxml/schema/MARC21slim.xsd"
    xmlns="http://www.loc.gov/MARC21/slim">

  <leader>02976nam a2200385 i 4500</leader>
  <controlfield tag="001">000048530</controlfield>
  <controlfield tag="003">DO-SdBNP</controlfield>
  <controlfield tag="005">20250916081730.0</controlfield>
  <controlfield tag="007">ta</controlfield>
  <controlfield tag="008">190328s2017    dr abc        001 0 spa d</controlfield>
  <datafield tag="020" ind1=" " ind2=" ">
    <subfield code="a">9789945891799</subfield>
  </datafield>
  <datafield tag="040" ind1=" " ind2=" ">
    <subfield code="a">DO-SdBNP</subfield>
    <subfield code="b">spa</subfield>
    <subfield code="c">BNP</subfield>
    <subfield code="e">rda</subfield>
  </datafield>
  <datafield tag="041" ind1=" " ind2=" ">
    <subfield code="a">spa</subfield>
  </datafield>
  <datafield tag="082" ind1=" " ind2=" ">
    <subfield code="a">xxxx</subfield>
    <subfield code="b">S471i</subfield>
    <subfield code="2">22</subfield>
  </datafield>
  <datafield tag="111" ind1="1" ind2=" ">
    <subfield code="a">Seminario Internacional : Sistemas y Experiencias de Acreditaci&#xF3;n en Estados Unidos, Suram&#xE9;rica, Centroam&#xE9;rica, Europa y la Rep&#xFA;blica Dominicana</subfield>
    <subfield code="d">(2016 : 29 y 30 de noviembre.</subfield>
    <subfield code="c">Santo Domingo, D. N. Rep&#xFA;blica Dominicana)</subfield>
    <subfield code="9">75981</subfield>
  </datafield>
  <datafield tag="245" ind1="1" ind2="0">
    <subfield code="a">Seminario internacional :</subfield>
    <subfield code="b">sistemas y experiencias de acreditaci&#xF3;n en Estados Unidos, Suram&#xE9;rica, Centroam&#xE9;rica, Europa y la Rep&#xFA;blica Dominicana /</subfield>
    <subfield code="c">expositores, Herman Bounds, Mar&#xED;a Jos&#xE9; Lemaitre, Esteban Arias Monge, Miguel Zabalza Beraza, Jos&#xE9; Eduardo L&#xF3;pez Pereira y otros dos </subfield>
  </datafield>
  <datafield tag="264" ind1=" " ind2="1">
    <subfield code="a">Santo Domingo :</subfield>
    <subfield code="b">MESCYT,</subfield>
    <subfield code="c">2017.</subfield>
  </datafield>
  <datafield tag="300" ind1=" " ind2=" ">
    <subfield code="a">352 p&#xE1;ginas :</subfield>
    <subfield code="b">ilustraciones, mapas, retratos ;</subfield>
    <subfield code="c">23 cm.</subfield>
  </datafield>
  <datafield tag="336" ind1=" " ind2=" ">
    <subfield code="a">texto</subfield>
    <subfield code="b">txt</subfield>
    <subfield code="2">rdacontent</subfield>
  </datafield>
  <datafield tag="337" ind1=" " ind2=" ">
    <subfield code="a">sin mediaci&#xF3;n</subfield>
    <subfield code="b">n</subfield>
    <subfield code="2">rdamedia</subfield>
  </datafield>
  <datafield tag="338" ind1=" " ind2=" ">
    <subfield code="a">volumen</subfield>
    <subfield code="b">nc</subfield>
    <subfield code="2">rdacarrier</subfield>
  </datafield>
  <datafield tag="504" ind1=" " ind2=" ">
    <subfield code="a">Bibliograf&#xED;a : p. 348</subfield>
  </datafield>
  <datafield tag="505" ind1="0" ind2=" ">
    <subfield code="a">Presentaci&#xF3;n --</subfield>
    <subfield code="t">Introducci&#xF3;n --</subfield>
    <subfield code="t">Discurso de la ministra /</subfield>
    <subfield code="r">Dra. Alejandrina German</subfield>
    <subfield code="t">Guidelines for preparing / Reviewing and compliance reports, In accordance with 34 CFR Part 602. The Secretary's Recognition of Accrediting Agencies. For Use During the 2012 Review Cycle /</subfield>
    <subfield code="r">Hernan Bounds --</subfield>
    <subfield code="t">Aseguramiento de la calidad en Am&#xE9;rica Latina: Estado actual y desaf&#xED;os para el futuro /</subfield>
    <subfield code="r">Mar&#xED;a Jos&#xE9; Lemaitre --</subfield>
    <subfield code="t">Acreditaci&#xF3;n y gesti&#xF3;n de la calidad de la educaci&#xF3;n superior en Centroam&#xE9;rica: algunos t&#xF3;picos sobre la historia y su desarrollo /</subfield>
    <subfield code="r">Esteban Arias Monge --</subfield>
    <subfield code="t">Sistemas de aseguramiento externo de la calidad de las instituciones de educaci&#xF3;n superior: una reflexi&#xF3;n desde Europa /</subfield>
    <subfield code="r">Miguel &#xC1;ngel Zabalza Berazo --</subfield>
    <subfield code="t">Sistema de acreditaci&#xF3;n de t&#xED;tulos universitarios por la ACSUG ( Agencia para la Calidad del Sistema Universitario de Gacia, Espa&#xF1;a) /</subfield>
    <subfield code="r">Jos&#xE9; Eduardo L&#xF3;pez Pereira --</subfield>
    <subfield code="t">La experiencia dominicana sobre acreditaci&#xF3;n universitaria: el caso de la Asociaci&#xF3;n Dominicana Para El Autoestudio Y La Acreditaci&#xF3;n (ADAAC) /</subfield>
    <subfield code="r">Radhames Mej&#xED;a --</subfield>
    <subfield code="t">S&#xED;ntesis de aspectos clave de modelos y experiencias por cada regi&#xF3;n representada /</subfield>
    <subfield code="r">Roberto Reyna --</subfield>
    <subfield code="t">Anexo I --.</subfield>
  </datafield>
  <datafield tag="590" ind1=" " ind2=" ">
    <subfield code="a">Inventariado, 2019/LP</subfield>
  </datafield>
  <datafield tag="700" ind1="1" ind2=" ">
    <subfield code="a">Bounds, Hernan</subfield>
    <subfield code="e">expositor</subfield>
    <subfield code="4">ex.</subfield>
    <subfield code="9">75983</subfield>
  </datafield>
  <datafield tag="700" ind1="1" ind2=" ">
    <subfield code="a">Lemaitre, Mar&#xED;a Jos&#xE9;</subfield>
    <subfield code="e">expositor</subfield>
    <subfield code="4">ex.</subfield>
    <subfield code="9">75984</subfield>
  </datafield>
  <datafield tag="700" ind1="1" ind2=" ">
    <subfield code="a">Arias Monge, Esteban</subfield>
    <subfield code="e">expositor</subfield>
    <subfield code="4">ex.</subfield>
    <subfield code="9">75985</subfield>
  </datafield>
  <datafield tag="700" ind1="1" ind2=" ">
    <subfield code="a">Zabalza Beraza, Jos&#xE9; Eduardo</subfield>
    <subfield code="e">expositor</subfield>
    <subfield code="4">ex.</subfield>
    <subfield code="9">75986</subfield>
  </datafield>
  <datafield tag="700" ind1="1" ind2=" ">
    <subfield code="a">L&#xF3;pez Pereira, Jos&#xE9; Eduardo</subfield>
    <subfield code="e">expositor</subfield>
    <subfield code="4">ex.</subfield>
    <subfield code="9">75987</subfield>
  </datafield>
  <datafield tag="700" ind1="1" ind2=" ">
    <subfield code="a">Mej&#xED;a, Radhames</subfield>
    <subfield code="e">expositor</subfield>
    <subfield code="4">ex.</subfield>
    <subfield code="9">6414</subfield>
  </datafield>
  <datafield tag="700" ind1="1" ind2=" ">
    <subfield code="a">Reyna, Roberto</subfield>
    <subfield code="e">expositor</subfield>
    <subfield code="4">ex.</subfield>
    <subfield code="9">72953</subfield>
  </datafield>
  <datafield tag="710" ind1="1" ind2=" ">
    <subfield code="a">Rep&#xFA;blica Dominicana.</subfield>
    <subfield code="b">Ministerio de Educaci&#xF3;n Superior, Ciencia y Tecnolog&#xED;a</subfield>
    <subfield code="9">72559</subfield>
  </datafield>
  <datafield tag="910" ind1=" " ind2=" ">
    <subfield code="a">Lop&#xE9;rez</subfield>
  </datafield>
  <datafield tag="942" ind1=" " ind2=" ">
    <subfield code="2">ddc</subfield>
    <subfield code="c">LBS1</subfield>
  </datafield>
  <datafield tag="952" ind1=" " ind2=" ">
    <subfield code="0">0</subfield>
    <subfield code="1">0</subfield>
    <subfield code="2">ddc</subfield>
    <subfield code="5">6</subfield>
    <subfield code="7">0</subfield>
    <subfield code="8">DS</subfield>
    <subfield code="a">BNPHU</subfield>
    <subfield code="b">DO</subfield>
    <subfield code="c">HD</subfield>
    <subfield code="d">2019-03-28</subfield>
    <subfield code="l">0</subfield>
    <subfield code="o">S471i</subfield>
    <subfield code="p">48530-30</subfield>
    <subfield code="r">2020-06-25</subfield>
    <subfield code="t">e.3</subfield>
    <subfield code="w">2020-06-25</subfield>
    <subfield code="y">LFDS</subfield>
  </datafield>
  <datafield tag="952" ind1=" " ind2=" ">
    <subfield code="0">0</subfield>
    <subfield code="1">0</subfield>
    <subfield code="2">ddc</subfield>
    <subfield code="5">1</subfield>
    <subfield code="7">0</subfield>
    <subfield code="8">PD</subfield>
    <subfield code="a">BNPHU</subfield>
    <subfield code="b">PD</subfield>
    <subfield code="c">HD</subfield>
    <subfield code="d">2019-03-28</subfield>
    <subfield code="l">0</subfield>
    <subfield code="o">S471i</subfield>
    <subfield code="p">48530-10</subfield>
    <subfield code="r">2020-06-25</subfield>
    <subfield code="w">2020-06-25</subfield>
    <subfield code="y">LFPD</subfield>
  </datafield>
  <datafield tag="952" ind1=" " ind2=" ">
    <subfield code="0">0</subfield>
    <subfield code="1">0</subfield>
    <subfield code="2">ddc</subfield>
    <subfield code="5">1</subfield>
    <subfield code="7">0</subfield>
    <subfield code="8">PD</subfield>
    <subfield code="a">BNPHU</subfield>
    <subfield code="b">PD</subfield>
    <subfield code="c">HD</subfield>
    <subfield code="d">2019-03-28</subfield>
    <subfield code="l">0</subfield>
    <subfield code="o">S471i</subfield>
    <subfield code="p">48530-20</subfield>
    <subfield code="r">2020-06-25</subfield>
    <subfield code="t">e.2</subfield>
    <subfield code="w">2020-06-25</subfield>
    <subfield code="y">LFPD</subfield>
  </datafield>
  <datafield tag="952" ind1=" " ind2=" ">
    <subfield code="0">0</subfield>
    <subfield code="1">0</subfield>
    <subfield code="2">ddc</subfield>
    <subfield code="5">6</subfield>
    <subfield code="7">0</subfield>
    <subfield code="8">DS</subfield>
    <subfield code="a">BNPHU</subfield>
    <subfield code="b">DO</subfield>
    <subfield code="c">HD</subfield>
    <subfield code="d">2021-12-15</subfield>
    <subfield code="e">Donado por MESCYT</subfield>
    <subfield code="l">0</subfield>
    <subfield code="o">S471i</subfield>
    <subfield code="p">2021-28601</subfield>
    <subfield code="r">2021-12-15</subfield>
    <subfield code="t">e.4</subfield>
    <subfield code="w">2021-12-15</subfield>
    <subfield code="y">LFDS</subfield>
  </datafield>
  <datafield tag="952" ind1=" " ind2=" ">
    <subfield code="0">0</subfield>
    <subfield code="1">0</subfield>
    <subfield code="2">ddc</subfield>
    <subfield code="5">6</subfield>
    <subfield code="7">0</subfield>
    <subfield code="8">DS</subfield>
    <subfield code="a">BNPHU</subfield>
    <subfield code="b">DO</subfield>
    <subfield code="c">HD</subfield>
    <subfield code="d">2021-12-15</subfield>
    <subfield code="e">Donado por MESCYT</subfield>
    <subfield code="l">0</subfield>
    <subfield code="o">S471i</subfield>
    <subfield code="p">2021-28602</subfield>
    <subfield code="r">2021-12-15</subfield>
    <subfield code="t">e.5</subfield>
    <subfield code="w">2021-12-15</subfield>
    <subfield code="y">LFDS</subfield>
  </datafield>
  <datafield tag="999" ind1=" " ind2=" ">
    <subfield code="c">48018</subfield>
    <subfield code="d">48018</subfield>
  </datafield>
</record>
